[Event "FIDE Women's Grand Prix Tehran"]
[Site "Tehran IRI"]
[Date "2016.02.22"]
[EventDate "2016.02.10"]
[Round "10"]
[Result "1/2-1/2"]
[White "Antoaneta Stefanova"]
[Black "Valentina Gunina"]
[WhiteElo "2509"]
[BlackElo "2496"]
[PlyCount "72"]

1. Nf3 d5 2. c4 c6 3. g3 Nf6 4. Bg2 dxc4 5. O-O Bf5 6. Na3 Qd5
7. b3 cxb3 8. axb3 e6 9. d3 Qd8 10. Nc4 Bc5 11. Qc2 O-O
12. Bd2 Na6 13. Na5 Qb6 14. Qc4 e5 15. Nxb7 Qxb7 16. Qxa6 Qxb3
17. Rfc1 Qb6 18. Qxb6 axb6 19. Rxa8 Rxa8 20. Nxe5 Ra2 21. Bc3
Rxe2 22. d4 Bd6 23. Nc4 Re6 24. Nxb6 Ne4 25. Be1 h5 26. Nc4
Be7 27. Ne3 Bg6 28. d5 cxd5 29. Nxd5 Bd6 30. Bh3 Re8 31. Rc8
Rxc8 32. Bxc8 Ng5 33. Bb4 Bxb4 34. Nxb4 Nf3+ 35. Kg2 Be4
36. h3 Ne5+ 1/2-1/2

[Event "FIDE Women's Grand Prix Tehran"]
[Site "Tehran IRI"]
[Date "2016.02.23"]
[EventDate "2016.02.10"]
[Round "11"]
[Result "1-0"]
[White "Koneru Humpy"]
[Black "Antoaneta Stefanova"]
[WhiteElo "2583"]
[BlackElo "2509"]
[PlyCount "121"]

1. d4 d5 2. c4 c6 3. Nc3 Nf6 4. e3 e6 5. Nf3 a6 6. b3 Bb4
7. Bd2 Nbd7 8. Bd3 O-O 9. O-O Bd6 10. Qc2 e5 11. cxd5 cxd5
12. e4 exd4 13. Nxd5 Nxd5 14. exd5 Nf6 15. h3 Bd7 16. Rad1 Rc8
17. Qb2 Rc5 18. Nxd4 Qb6 19. Nf3 Rxd5 20. Bc3 Be7 21. Bd4 Qa5
22. Bc4 Rh5 23. Qe2 Re8 24. Bxf6 Bxf6 25. Bxf7+ Kxf7 26. Rxd7+
Kf8 27. Qc4 Re7 28. Rxe7 Bxe7 29. Qc8+ Kf7 30. Qxb7 Qxa2
31. Re1 Qa3 32. b4 Qxb4 33. Ne5+ Kf6 34. Qc6+ Qd6 35. Qf3+ Rf5
36. Ng4+ Kg6 37. Qe4 Bh4 38. Re3 h5 39. g3 Bf6 40. Nh6 gxh6
41. g4 hxg4 42. hxg4 Qd1+ 43. Kg2 Qxg4+ 44. Qxg4+ Rg5 45. Rg3
Rxg4 46. Rxg4+ Kf5 47. Ra4 h5 48. Rxa6 h4 49. f4 Bc3 50. Kf3
Be1 51. Rb6 Bg3 52. Rb5+ Kf6 53. Kg4 Bf2 54. Rb2 Be1 55. Rb6+
Kf7 56. Kf5 Kg7 57. Kg5 Kf7 58. Rb7+ Ke6 59. f5+ Kd6 60. f6
Bd2+ 61. Kg6 1-0

[Event "IMSA Elite Mind Games (Women's Rapid)"]
[Site "Huai'an CHN"]
[Date "2016.02.26"]
[EventDate "2016.02.26"]
[Round "1.7"]
[Result "1/2-1/2"]
[White "Irina Krush"]
[Black "Antoaneta Stefanova"]
[WhiteElo "2458"]
[BlackElo "2509"]
[PlyCount "149"]

1. Nf3 d5 2. g3 Bg4 3. Bg2 c6 4. d3 e6 5. Nbd2 Bd6 6. O-O Ne7
7. d4 f5 8. Ng5 Qd7 9. Nh3 O-O 10. Nf3 Ng6 11. Nf4 Nxf4
12. Bxf4 Bxf4 13. gxf4 Bxf3 14. Bxf3 Rf6 15. Kh1 Rh6 16. Rg1
Qe7 17. Rg5 Nd7 18. e3 Rf8 19. Qe2 Kh8 20. Rag1 Rg8 21. c4 Rf6
22. Qc2 g6 23. c5 Rff8 24. b4 Rb8 25. a3 Rgc8 26. Qc3 Nf6
27. Rb1 b5 28. cxb6 axb6 29. a4 Ra8 30. Ra1 Ne8 31. Rgg1 Nd6
32. a5 bxa5 33. bxa5 Nb5 34. Qb2 Qc7 35. Qb4 Rcb8 36. Rgc1 Nd6
37. Qc3 Nc4 38. a6 Rb6 39. Be2 Nd6 40. Bd3 Qa7 41. Qc5 Nb5
42. Bxb5 cxb5 43. Ra5 b4 44. Rb1 b3 45. Rb5 Rxb5 46. Qxb5 Rb8
47. Qc6 b2 48. Qxe6 Rb6 49. Qe5+ Kg8 50. Qxd5+ Kg7 51. Qa2
Qa8+ 52. d5 Rxa6 53. Qxb2+ Kh6 54. Qb7 Qxb7 55. Rxb7 Rd6
56. Rb5 Kg7 57. Kg2 Kf6 58. Kf3 Ke7 59. h4 h6 60. Rc5 h5
61. Rc6 Rxc6 62. dxc6 Kd6 63. e4 Kxc6 64. e5 Kd5 65. Ke3 Kc5
66. Kd3 Kd5 67. Kc3 Kc5 68. e6 Kd6 69. Kd4 Kxe6 70. Kc5 Ke7
71. Kd5 Kd7 72. Ke5 Ke7 73. Kd5 Kd7 74. Ke5 Ke7 75. Kd4
1/2-1/2

[Event "IMSA Elite Mind Games (Women's Rapid)"]
[Site "Huai'an CHN"]
[Date "2016.02.26"]
[EventDate "2016.02.26"]
[Round "2.6"]
[Result "1-0"]
[White "Antoaneta Stefanova"]
[Black "Dronavalli Harika"]
[WhiteElo "2509"]
[BlackElo "2511"]
[PlyCount "103"]

1. d4 g6 2. e4 Bg7 3. Nc3 c6 4. f4 d5 5. e5 Nh6 6. Nf3 Bg4
7. h3 Bxf3 8. Qxf3 Nf5 9. Ne2 h5 10. g4 Nh4 11. Qg3 e6 12. Be3
Bf8 13. Bf2 Be7 14. O-O-O Nd7 15. Qb3 Qc7 16. Ng3 hxg4
17. hxg4 O-O-O 18. f5 Bg5+ 19. Kb1 c5 20. c3 Kb8 21. Be2 Rc8
22. a4 Ng2 23. Bf3 Ne3 24. Bxe3 Bxe3 25. Rhf1 Nb6 26. Be2 gxf5
27. gxf5 Rh2 28. Rf3 Bh6 29. a5 Nc4 30. Bxc4 dxc4 31. Qxc4
Qxa5 32. d5 Qb6 33. Ne2 exd5 34. Rxd5 Rh1+ 35. Kc2 Qc6
36. Rfd3 Rh2 37. Qe4 c4 38. Rd1 a6 39. Kb1 Ka8 40. Qg4 Be3
41. Qf3 Bc5 42. Qe4 Bb6 43. e6 fxe6 44. fxe6 Ka7 45. e7 Re8
46. Ng3 Rf2 47. Nf5 Bc7 48. Ne3 Qb6 49. Nxc4 Qf6 50. Rd7 Kb8
51. Nd6 Qg5 52. Qxb7# 1-0

[Event "IMSA Elite Mind Games (Women's Rapid)"]
[Site "Huai'an CHN"]
[Date "2016.02.26"]
[EventDate "2016.02.26"]
[Round "3.2"]
[Result "1-0"]
[White "Nana Dzagnidze"]
[Black "Antoaneta Stefanova"]
[WhiteElo "2529"]
[BlackElo "2509"]
[PlyCount "137"]

1. d4 d5 2. c4 c6 3. cxd5 cxd5 4. Nc3 Nf6 5. Bf4 Nc6 6. Nf3
Nh5 7. Be5 f6 8. Bg3 Nxg3 9. hxg3 Be6 10. e3 Bf7 11. Rc1 g6
12. Qb3 Rb8 13. Bb5 Bg7 14. O-O O-O 15. Bxc6 bxc6 16. Qa3 Qd7
17. b3 e5 18. Na4 Rfc8 19. Nc5 Qe7 20. Qa6 g5 21. Rc3 Bh5
22. Na4 Be8 23. Rfc1 Bf8 24. Nc5 Rc7 25. Nh2 h5 26. Qa4 Rb6
27. Nf3 e4 28. Nh2 f5 29. b4 Qf6 30. a3 Rh7 31. Qc2 Rh6 32. f3
Bd6 33. fxe4 fxe4 34. Rf1 Qe7 35. Qf2 Bg6 36. Qf6 Qxf6
37. Rxf6 Be7 38. Re6 Kf7 39. Rc1 Bxc5 40. dxc5 Ra6 41. Rd6 Kg7
42. b5 Rxa3 43. bxc6 Rh8 44. Rb1 Rc8 45. Rb7+ Kh6 46. Rf7 Rc3
47. Rff6 Rg8 48. c7 Rxc5 49. Rd8 Kh7 50. Rxg8 Kxg8 51. Rxg6+
Kh7 52. Rxg5 Kh6 53. Re5 Rxc7 54. Rxd5 Rc3 55. Nf1 Ra3 56. Kf2
Kg6 57. Nd2 Ra4 58. Ke2 a5 59. Re5 Ra2 60. Rxe4 a4 61. Re5 Ra1
62. Ra5 a3 63. Nb3 Ra2+ 64. Kf3 Kf6 65. e4 Ke7 66. e5 Kd7
67. Ra6 Kc7 68. e6 Kd8 69. Ra7 1-0

[Event "IMSA Elite Mind Games (Women's Rapid)"]
[Site "Huai'an CHN"]
[Date "2016.02.26"]
[EventDate "2016.02.26"]
[Round "4.3"]
[Result "1/2-1/2"]
[White "Antoaneta Stefanova"]
[Black "Kateryna Lahno"]
[WhiteElo "2509"]
[BlackElo "2529"]
[PlyCount "88"]

1. d4 Nf6 2. Bf4 g6 3. Nc3 d5 4. Qd2 Bg7 5. Bh6 Bxh6 6. Qxh6
c5 7. e3 cxd4 8. exd4 Nc6 9. Nf3 Bg4 10. Ne5 Qb6 11. Bb5 a6
12. Nxd5 Nxd5 13. Bxc6+ bxc6 14. Qg7 O-O-O 15. Nxg4 Nf4
16. O-O Qxd4 17. Qxd4 Rxd4 18. Ne5 Rd2 19. g3 Ne2+ 20. Kg2
Rxc2 21. Nxf7 Rf8 22. Ng5 h6 23. Nf3 Rxb2 24. a4 c5 25. Ne5
Rf6 26. Nc4 Rb4 27. Ne3 Rd6 28. Rfe1 Nd4 29. Rac1 Rxa4
30. Rxc5+ Kd8 31. Nc4 Rc6 32. Rd5+ Ke8 33. Ne5 Rb6 34. Re4 Rb5
35. Rxb5 axb5 36. Nxg6 Nc6 37. Re3 b4 38. Ne5 Nd4 39. Re4 b3
40. Nd3 Kf7 41. g4 Kf6 42. h4 e5 43. g5+ hxg5 44. hxg5+ Kxg5
1/2-1/2

[Event "IMSA Elite Mind Games (Women's Rapid)"]
[Site "Huai'an CHN"]
[Date "2016.02.27"]
[EventDate "2016.02.26"]
[Round "5.4"]
[Result "1-0"]
[White "Ju Wenjun"]
[Black "Antoaneta Stefanova"]
[WhiteElo "2558"]
[BlackElo "2509"]
[PlyCount "77"]

1. d4 g6 2. e4 Bg7 3. Nf3 c6 4. Bd3 d5 5. e5 c5 6. dxc5 Nc6
7. Bb5 Bg4 8. Bf4 Qa5+ 9. Nc3 a6 10. Bxc6+ bxc6 11. h3 Bxf3
12. Qxf3 Qxc5 13. O-O e6 14. Rac1 Qa5 15. b3 Ne7 16. Na4 h6
17. Rfe1 Rc8 18. Qe2 c5 19. Bd2 Qc7 20. Qxa6 O-O 21. Qe2 c4
22. Bb4 Rfe8 23. Nb2 Qa7 24. bxc4 Qxa2 25. c3 Qa7 26. Rcd1
Rcd8 27. Bxe7 Rxe7 28. Rd2 Rb8 29. cxd5 exd5 30. Nd3 Qc7
31. Rc2 Qc4 32. f4 Rbe8 33. Kh1 f6 34. Qf3 fxe5 35. fxe5 Bxe5
36. Rce2 Bd6 37. Rxe7 Rxe7 38. Rxe7 Bxe7 39. Ne5 1-0

[Event "IMSA Elite Mind Games (Women's Rapid)"]
[Site "Huai'an CHN"]
[Date "2016.02.27"]
[EventDate "2016.02.26"]
[Round "6.6"]
[Result "1-0"]
[White "Antoaneta Stefanova"]
[Black "Alexandra Kosteniuk"]
[WhiteElo "2509"]
[BlackElo "2554"]
[PlyCount "127"]

1. Nf3 Nf6 2. g3 b6 3. Bg2 Bb7 4. d3 d5 5. O-O Nbd7 6. Nbd2 e5
7. a4 e4 8. Nd4 a6 9. c4 Bc5 10. N2b3 dxc4 11. Nxc5 bxc5
12. Nf5 g6 13. Nh6 Qe7 14. dxc4 O-O-O 15. Qc2 Qe6 16. h3 Ne5
17. b3 Nc6 18. Bg5 Nd4 19. Qa2 Rd7 20. a5 Ne8 21. Rab1 Nd6
22. Rfc1 Qe5 23. h4 f5 24. Be3 Nc6 25. Qb2 Qxb2 26. Rxb2 Nxa5
27. Bxc5 Nc6 28. b4 Re8 29. Be3 Ne5 30. Rbc2 Bc6 31. Bh3 Kb7
32. g4 fxg4 33. Nxg4 Nxg4 34. Bxg4 Nf5 35. Bf4 h5 36. Bh3 e3
37. fxe3 Red8 38. b5 Rd1+ 39. Kf2 Be4 40. bxa6+ Ka7 41. Rxd1
Rxd1 42. Ra2 Nxh4 43. Bxc7 g5 44. Bc8 Rc1 45. Be6 Nf5 46. Ra5
Ng7 47. Bf7 g4 48. Rg5 Nf5 49. Bxh5 Rxc4 50. Bf4 g3+ 51. Bxg3
Nxg3 52. Kxg3 Kxa6 53. Rg4 Kb5 54. Bf7 Rb4 55. Kh4 Kc5 56. Kg5
Kd6 57. Kf6 Ra4 58. Be8 Rc4 59. Bf7 Ra4 60. Bg6 Bc6 61. Rxa4
Bxa4 62. e4 Kd7 63. e5 Bb3 64. Bf7 1-0

[Event "IMSA Elite Mind Games (Women's Rapid)"]
[Site "Huai'an CHN"]
[Date "2016.02.27"]
[EventDate "2016.02.26"]
[Round "7.4"]
[Result "0-1"]
[White "Elisabeth Paehtz"]
[Black "Antoaneta Stefanova"]
[WhiteElo "2472"]
[BlackElo "2509"]
[PlyCount "120"]

1. d4 g6 2. e4 Bg7 3. Nc3 c6 4. Nf3 d6 5. Be3 Nf6 6. h3 O-O
7. Qd2 b5 8. Bd3 Nbd7 9. O-O Nb6 10. a4 Nc4 11. Bxc4 bxc4
12. Bh6 Rb8 13. Rab1 Qc7 14. Bxg7 Kxg7 15. Qe2 Rb4 16. Nd2 a5
17. Qe3 Ba6 18. Rfc1 Rfb8 19. b3 cxb3 20. cxb3 Qa7 21. e5 Ne8
22. exd6 exd6 23. Nf3 Nf6 24. Qf4 Bd3 25. Rb2 Qd7 26. Qd2 Bf5
27. Qd1 Qb7 28. d5 c5 29. Nb5 Qb6 30. Rc4 Bd7 31. Rxb4 axb4
32. Nd2 Bxb5 33. axb5 Qxb5 34. Nc4 Qa6 35. Re2 Rb7 36. Kh2 Ra7
37. Qd2 Rd7 38. Qb2 Ra7 39. Rd2 g5 40. Qc2 h6 41. Qf5 Re7
42. Rd3 Qa1 43. Re3 Rxe3 44. fxe3 Qd1 45. e4 Qxb3 46. Nxd6 Qc2
47. e5 Qxf5 48. Nxf5+ Kg6 49. Ne7+ Kg7 50. Nf5+ Kg6 51. Ne7+
Kg7 52. Nf5+ Kf8 53. Ne3 b3 54. Nc4 Nxd5 55. Kg3 Nb6 56. Nd2
c4 57. Kf3 b2 58. Nb1 Na4 59. Ke4 c3 60. Kd3 Ke7 0-1

[Event "IMSA Elite Mind Games (Women's Blitz)"]
[Site "Huai'an CHN"]
[Date "2016.02.28"]
[EventDate "2016.02.28"]
[Round "1.1"]
[Result "1-0"]
[White "Antoaneta Stefanova"]
[Black "Ju Wenjun"]
[WhiteElo "2509"]
[BlackElo "2558"]
[PlyCount "101"]

1. Nf3 Nf6 2. g3 g6 3. Bg2 Bg7 4. O-O O-O 5. d4 d5 6. Be3 c6
7. Qc1 Bf5 8. h3 Re8 9. g4 Be4 10. Nbd2 Bxf3 11. Nxf3 Nbd7
12. Bf4 Ne4 13. Ne5 Nxe5 14. Bxe5 e6 15. Bxg7 Kxg7 16. Bxe4
dxe4 17. Qe3 f5 18. f3 exf3 19. exf3 Qd6 20. f4 Rad8 21. c3
Qd5 22. b3 fxg4 23. hxg4 h5 24. gxh5 Qxh5 25. Qe5+ Kf7
26. Qxh5 gxh5 27. Rae1 Rd5 28. Re5 Rg8+ 29. Kh2 Rg4 30. Kh3
Rxe5 31. fxe5+ Ke7 32. Rf6 Re4 33. Rh6 b5 34. Rh7+ Ke8
35. Rxa7 Re3+ 36. Kh4 Rxc3 37. Kxh5 Rg3 38. Rc7 Rg2 39. Rxc6
Kd7 40. Rd6+ Ke7 41. Ra6 Rd2 42. Ra7+ Ke8 43. Kg6 Rxd4 44. Kf6
Rh4 45. Kxe6 Rh6+ 46. Kd5 Kd8 47. e6 Rh2 48. b4 Rc2 49. a3 Re2
50. Kd6 Rd2+ 51. Kc5 1-0

[Event "IMSA Elite Mind Games (Women's Blitz)"]
[Site "Huai'an CHN"]
[Date "2016.02.28"]
[EventDate "2016.02.28"]
[Round "2.8"]
[Result "1/2-1/2"]
[White "Antoaneta Stefanova"]
[Black "Monika (Bobrowska) Socko"]
[WhiteElo "2509"]
[BlackElo "2448"]
[PlyCount "108"]

1. Nf3 d5 2. g3 Nc6 3. d4 Bf5 4. Bg2 Nb4 5. Na3 e6 6. c3 Nc6
7. Qb3 Bxa3 8. Qxa3 Nge7 9. Nh4 Be4 10. f3 Bg6 11. Nxg6 hxg6
12. e4 e5 13. dxe5 Nxe5 14. O-O dxe4 15. fxe4 O-O 16. Bg5 f6
17. Rad1 Qe8 18. Bf4 N7c6 19. Qb3+ Qf7 20. Bh3 Qxb3 21. axb3
Rfd8 22. Be6+ Kf8 23. Bd5 Ke7 24. Bxe5 Nxe5 25. Bxb7 Rxd1
26. Rxd1 Rb8 27. Ba6 Rxb3 28. Rb1 Nf3+ 29. Kg2 Nd2 30. Re1
Rxb2 31. Re2 Rb6 32. Bd3 Nb3 33. Rf2 a5 34. Bc4 Nc5 35. Ra2
Nxe4 36. Rxa5 Nxc3 37. Bd3 c6 38. Bxg6 Nd5 39. Ra7+ Kf8
40. Rf7+ Kg8 41. Rd7 Rb8 42. Be4 Nb6 43. Rc7 Rc8 44. Rxc8+
Nxc8 45. Bxc6 Kf7 46. Bd5+ Kg6 47. Kf3 Nd6 48. h4 Kf5 49. Bc6
Nf7 50. Bd7+ Ke5 51. Be8 Nd6 52. Bd7 Nf7 53. Be8 Nd6 54. Bd7
Kd5 1/2-1/2

[Event "IMSA Elite Mind Games (Women's Blitz)"]
[Site "Huai'an CHN"]
[Date "2016.02.28"]
[EventDate "2016.02.28"]
[Round "3.2"]
[Result "0-1"]
[White "Irina Krush"]
[Black "Antoaneta Stefanova"]
[WhiteElo "2458"]
[BlackElo "2509"]
[PlyCount "113"]

1. d4 d5 2. c4 c6 3. cxd5 cxd5 4. Bf4 Nf6 5. Nc3 Nc6 6. e3 a6
7. Bd3 Bg4 8. Nge2 e6 9. O-O Be7 10. Rc1 O-O 11. Na4 Nd7
12. Bg3 Bh5 13. Qb3 Nb4 14. Nf4 Nxd3 15. Qxd3 Bg4 16. Qb3 b5
17. Nc5 Nxc5 18. dxc5 Rc8 19. Qb4 Bf5 20. Rfd1 Rc6 21. Nd3 Qc8
22. Qa5 Bxd3 23. Rxd3 Rxc5 24. Rdc3 Rc4 25. Qb6 Bf6 26. Rxc4
bxc4 27. Bd6 Re8 28. Ba3 h6 29. h3 Qa8 30. Qa5 Qb7 31. Qd2 Qb5
32. e4 dxe4 33. Qe2 Rc8 34. Qxe4 Bxb2 35. Bxb2 Qxb2 36. Rxc4
Rxc4 37. Qxc4 Qb5 38. Qc8+ Kh7 39. Qc2+ g6 40. Qc7 Kg7
41. Qc3+ Kg8 42. Qc8+ Kh7 43. Qc7 Qf5 44. Qb7 a5 45. a4 h5
46. Qa7 Kg7 47. Qd4+ Qf6 48. Qd7 Qf4 49. Qb5 Qd2 50. Qe5+ Kg8
51. Qb8+ Kh7 52. Qa7 Kg7 53. g3 Qd1+ 54. Kg2 Qxa4 55. Qb7 Qd4
56. Qa6 a4 57. Kg1 0-1

[Event "IMSA Elite Mind Games (Women's Blitz)"]
[Site "Huai'an CHN"]
[Date "2016.02.28"]
[EventDate "2016.02.28"]
[Round "4.7"]
[Result "1/2-1/2"]
[White "Antoaneta Stefanova"]
[Black "Alexandra Kosteniuk"]
[WhiteElo "2509"]
[BlackElo "2554"]
[PlyCount "89"]

1. g3 d5 2. Nf3 Nf6 3. Bg2 Bf5 4. d3 e6 5. O-O c6 6. Nh4 Bg4
7. h3 Bh5 8. Qe1 Be7 9. f4 h6 10. e4 Nfd7 11. Nf3 Bxf3
12. Bxf3 Qb6+ 13. Kh2 Na6 14. a3 Nc7 15. e5 c5 16. Nc3 Nb5
17. Nxb5 Qxb5 18. b3 O-O 19. g4 c4 20. bxc4 dxc4 21. d4 c3
22. Be3 Nb6 23. Bxb7 Rad8 24. Bg2 Nc4 25. Qxc3 Nxe3 26. Qxe3
Rc8 27. Rac1 Qa4 28. Qd3 Qxa3 29. Qxa3 Bxa3 30. Ra1 Bb2
31. Rxa7 Bxd4 32. Rd7 Be3 33. Rd3 Bb6 34. c3 Rc4 35. f5 Bc7
36. Re1 Rc5 37. Rde3 Rd8 38. fxe6 fxe6 39. Kh1 Ba5 40. Rc1
Rdc8 41. Bf1 Rxc3 42. Rexc3 Rxc3 43. Rxc3 Bxc3 44. Bc4 Bxe5
45. Bxe6+ 1/2-1/2

[Event "IMSA Elite Mind Games (Women's Blitz)"]
[Site "Huai'an CHN"]
[Date "2016.02.28"]
[EventDate "2016.02.28"]
[Round "5.3"]
[Result "0-1"]
[White "Zhao Xue"]
[Black "Antoaneta Stefanova"]
[WhiteElo "2506"]
[BlackElo "2509"]
[PlyCount "104"]

1. d4 d5 2. c4 c6 3. Nc3 Nf6 4. e3 e6 5. Nf3 a6 6. Bd2 Nbd7
7. Qc2 dxc4 8. Bxc4 b5 9. Be2 Bb7 10. O-O c5 11. dxc5 Bxc5
12. b4 Be7 13. a4 bxa4 14. Nxa4 Ne4 15. Rfd1 O-O 16. Be1 Rc8
17. Qa2 Bd6 18. Bd3 Qe7 19. Bxe4 Bxe4 20. Qd2 Bxf3 21. gxf3
Rc6 22. Rac1 Rxc1 23. Rxc1 Ne5 24. Qd1 Qg5+ 25. Kf1 Qe7 26. f4
Ng6 27. Qd4 e5 28. fxe5 Bxe5 29. Qc5 Qd7 30. Qc6 Qh3+ 31. Qg2
Qf5 32. Nc5 Nh4 33. Qe4 Qh3+ 34. Ke2 Bxh2 35. Bc3 h6 36. Rh1
Ng6 37. Qd4 Qh5+ 38. Kf1 f6 39. Qe4 Qh3+ 40. Ke2 Ne5 41. Bxe5
fxe5 42. Nd3 Qh5+ 43. Kd2 Qh3 44. Qd5+ Kh8 45. Qe4 Rc8
46. Nxe5 Qh5 47. Nf3 Rd8+ 48. Ke2 Qb5+ 49. Ke1 Bd6 50. Nd2
Bxb4 51. Rh4 Bxd2+ 52. Kd1 Bxe3+ 0-1

[Event "IMSA Elite Mind Games (Women's Blitz)"]
[Site "Huai'an CHN"]
[Date "2016.02.28"]
[EventDate "2016.02.28"]
[Round "6.6"]
[Result "0-1"]
[White "Antoaneta Stefanova"]
[Black "Elisabeth Paehtz"]
[WhiteElo "2509"]
[BlackElo "2472"]
[PlyCount "66"]

1. Nf3 Nf6 2. g3 g6 3. b3 Bg7 4. Bb2 O-O 5. c4 d6 6. d4 c6
7. Bg2 Nbd7 8. O-O d5 9. Nc3 Nb6 10. Ne5 Be6 11. c5 Nbd7
12. Nxd7 Qxd7 13. Re1 Bh3 14. Bh1 Rad8 15. b4 Rfe8 16. f4 Bf5
17. e3 Ne4 18. Bf3 Nxc3 19. Bxc3 h5 20. a4 Be4 21. Bxe4 dxe4
22. b5 cxb5 23. axb5 Qxb5 24. Rxa7 Ra8 25. Qa1 Rxa7 26. Qxa7
Qd3 27. Ba5 h4 28. Kg2 Qc2+ 29. Kh3 hxg3 30. hxg3 Bf6 31. Qxb7
Kg7 32. Qd5 Rh8+ 33. Kg4 Qg2 0-1

[Event "IMSA Elite Mind Games (Women's Blitz)"]
[Site "Huai'an CHN"]
[Date "2016.02.28"]
[EventDate "2016.02.28"]
[Round "7.4"]
[Result "1-0"]
[White "Kateryna Lahno"]
[Black "Antoaneta Stefanova"]
[WhiteElo "2529"]
[BlackElo "2509"]
[PlyCount "75"]

1. Nf3 d5 2. g3 Bg4 3. Bg2 e6 4. O-O c6 5. h3 Bh5 6. d4 Nf6
7. c4 Nbd7 8. cxd5 exd5 9. Qb3 Nb6 10. a4 Rb8 11. a5 Nc4
12. Ne5 Nd6 13. a6 Qc7 14. axb7 Rxb7 15. Qc2 Rb6 16. Nc3 Be7
17. Nxd5 Nxd5 18. Bxd5 O-O 19. Bf4 g5 20. Bd2 Bf6 21. Ba5 Qc8
22. Bxb6 axb6 23. Qxc6 Qd8 24. Bf3 Bxf3 25. Nxf3 Nf5 26. e3 h6
27. Ra6 Bg7 28. Rxb6 Ne7 29. Qc5 Qa8 30. Qxe7 Qxf3 31. Qb7 Qe2
32. Qa6 Qf3 33. Rc6 h5 34. Rc8 h4 35. Qc6 Qe2 36. Rxf8+ Bxf8
37. Qd5 Be7 38. Qe5 1-0

[Event "IMSA Elite Mind Games (Women's Blitz)"]
[Site "Huai'an CHN"]
[Date "2016.02.28"]
[EventDate "2016.02.28"]
[Round "8.5"]
[Result "1/2-1/2"]
[White "Antoaneta Stefanova"]
[Black "Tan Zhongyi"]
[WhiteElo "2509"]
[BlackElo "2504"]
[PlyCount "96"]

1. Nf3 d5 2. g3 Nf6 3. Bg2 c5 4. O-O Nc6 5. d4 e6 6. c4 dxc4
7. dxc5 Qxd1 8. Rxd1 Bxc5 9. Nbd2 c3 10. bxc3 O-O 11. Nb3 Be7
12. c4 Bd7 13. Bf4 Rac8 14. c5 Rfd8 15. Rac1 Nd5 16. Bd2 b6
17. Bf1 bxc5 18. Nxc5 Bxc5 19. Rxc5 Nd4 20. Rdc1 Nxf3+
21. exf3 Rxc5 22. Rxc5 Rb8 23. Ra5 Rb7 24. Kg2 h6 25. Bc4 Nb6
26. Bb3 Bc6 27. Be3 Rd7 28. g4 g5 29. Kg3 Bd5 30. Bxd5 exd5
31. Bd4 Kh7 32. f4 gxf4+ 33. Kxf4 Kg6 34. h4 h5 35. f3 f6
36. Ra6 Rb7 37. a4 Nd7 38. Rxa7 Rb4 39. Ke3 Ne5 40. gxh5+ Kxh5
41. Bxe5 fxe5 42. Re7 Kxh4 43. Rxe5 d4+ 44. Ke4 Rxa4 45. Rd5
Kg3 46. Rg5+ Kf2 47. Rd5 d3+ 48. Kxd3 Kxf3 1/2-1/2

[Event "IMSA Elite Mind Games (Women's Blitz)"]
[Site "Huai'an CHN"]
[Date "2016.02.28"]
[EventDate "2016.02.28"]
[Round "9.5"]
[Result "0-1"]
[White "Lilit Mkrtchian"]
[Black "Antoaneta Stefanova"]
[WhiteElo "2434"]
[BlackElo "2509"]
[PlyCount "84"]

1. c4 e6 2. g3 d5 3. Bg2 g6 4. Nf3 Bg7 5. O-O Ne7 6. d4 Nbc6
7. e3 O-O 8. Qc2 b6 9. Rd1 Bb7 10. cxd5 Nb4 11. Qe2 exd5
12. Nc3 Ba6 13. Qd2 Rc8 14. a3 Nbc6 15. b4 Bc4 16. Bf1 Bxf1
17. Rxf1 Nf5 18. Qa2 Nce7 19. b5 c5 20. bxc6 Rxc6 21. Bd2 a6
22. Rfc1 b5 23. Ne2 Rc4 24. Bb4 Re8 25. Nd2 Rxc1+ 26. Rxc1 Nd6
27. Bxd6 Qxd6 28. Nf4 Bf8 29. Nb3 h5 30. Nc5 h4 31. Qb3 hxg3
32. hxg3 Bh6 33. Ne2 Nf5 34. Rc3 Kg7 35. Nd3 Bg5 36. Ne5 Bf6
37. Rc6 Qd8 38. Nf4 Bxe5 39. dxe5 Rxe5 40. Qb2 d4 41. g4 Ne7
42. exd4 Re1+ 0-1

[Event "IMSA Elite Mind Games (Women's Blitz)"]
[Site "Huai'an CHN"]
[Date "2016.02.28"]
[EventDate "2016.02.28"]
[Round "10.4"]
[Result "1-0"]
[White "Antoaneta Stefanova"]
[Black "Anna Ushenina"]
[WhiteElo "2509"]
[BlackElo "2450"]
[PlyCount "81"]

1. Nf3 d5 2. g3 g6 3. Bg2 Bg7 4. O-O Nf6 5. d4 c6 6. b3 O-O
7. Bb2 a5 8. c4 a4 9. Nc3 a3 10. Bc1 dxc4 11. bxc4 Be6 12. Qd3
Na6 13. Bxa3 Re8 14. e4 Qa5 15. Bc1 Red8 16. Bd2 Nb4 17. Qe2
Qa6 18. d5 Bg4 19. h3 Bxf3 20. Bxf3 Nc2 21. e5 Ne8 22. e6 Nxa1
23. exf7+ Kxf7 24. Rxa1 Nf6 25. Re1 Re8 26. Qe6+ Kf8 27. dxc6
Rad8 28. Bf4 bxc6 29. Bxc6 Qa5 30. Bxe8 Rxe8 31. Nd5 Nxd5
32. cxd5 Qxa2 33. Bg5 Bd4 34. Bxe7+ Kg7 35. Bf6+ Kh6 36. Bg5+
Kxg5 37. Qg4+ Kh6 38. Qh4+ Kg7 39. Qxd4+ Kf7 40. Qf4+ Kg7
41. Rxe8 1-0

[Event "IMSA Elite Mind Games (Women's Blitz)"]
[Site "Huai'an CHN"]
[Date "2016.02.29"]
[EventDate "2016.02.28"]
[Round "11.6"]
[Result "0-1"]
[White "Huang Qian"]
[Black "Antoaneta Stefanova"]
[WhiteElo "2450"]
[BlackElo "2509"]
[PlyCount "178"]

1. c4 g6 2. g3 Bg7 3. Bg2 e6 4. Nf3 d5 5. O-O Ne7 6. d4 Nbc6
7. c5 b6 8. cxb6 axb6 9. Nc3 O-O 10. Bf4 Ba6 11. Rc1 Qd7
12. Re1 Rfc8 13. h3 Nf5 14. e3 Nd6 15. g4 Nb4 16. Ne5 Bxe5
17. dxe5 Nc4 18. b3 Nb2 19. Qf3 N2d3 20. Bh6 Qe7 21. Red1 Nxc1
22. Rxc1 Nd3 23. Rd1 Nxe5 24. Qf4 Nd7 25. e4 d4 26. Rxd4 Rd8
27. e5 Rab8 28. Bg5 f6 29. exf6 Qf7 30. Rd1 Nc5 31. Qe5 Rxd1+
32. Nxd1 Bb7 33. Ne3 Bxg2 34. Kxg2 Rd8 35. Nc4 Rd5 36. Qe3 Nd7
37. Qf4 e5 38. Qf3 c6 39. Bh4 Rd4 40. Ne3 Rd6 41. g5 Qe6
42. Bg3 Kf7 43. Nc4 Rd4 44. Qe3 Qd5+ 45. Kh2 Rd1 46. f3 Ke6
47. Bf2 b5 48. Na5 Rd3 49. Qe2 Qxf3 50. Qxf3 Rxf3 51. Kg2 Rc3
52. b4 Rc2 53. Kf3 e4+ 54. Ke3 Ne5 55. Bg3 Rc3+ 56. Kf2 Rf3+
57. Kg2 Nc4 58. Nxc6 Ne3+ 59. Kh2 Nf1+ 60. Kg2 Rxg3+ 61. Kxf1
Rxh3 62. Ke2 Ra3 63. Nd4+ Kf7 64. Nxb5 Rxa2+ 65. Ke3 Rb2
66. Nd6+ Kf8 67. Kxe4 Rxb4+ 68. Ke5 Rb1 69. Ne4 Re1 70. Kd5
Re2 71. Ke5 Kf7 72. Kd5 Ra2 73. Nd6+ Kf8 74. Ne4 Ra6 75. Ke5
Kf7 76. Nd6+ Kf8 77. Ke6 Rb6 78. Ke5 Rb1 79. Ne4 Rf1 80. Nd6
Re1+ 81. Ne4 Kf7 82. Kd5 Ra1 83. Nd6+ Kf8 84. Ke6 Ra6 85. Kd7
Ra5 86. Ke6 Rxg5 87. f7 Rg1 88. Nc4 Re1+ 89. Ne5 Rxe5+ 0-1

[Event "IMSA Elite Mind Games (Women's Blitz)"]
[Site "Huai'an CHN"]
[Date "2016.02.29"]
[EventDate "2016.02.28"]
[Round "12.3"]
[Result "1/2-1/2"]
[White "Antoaneta Stefanova"]
[Black "Dronavalli Harika"]
[WhiteElo "2509"]
[BlackElo "2511"]
[PlyCount "136"]

1. d4 Nf6 2. Nf3 g6 3. g3 Bg7 4. Bg2 O-O 5. O-O d6 6. b3 a5
7. c4 Nbd7 8. Bb2 a4 9. b4 c5 10. bxc5 dxc5 11. d5 Nb6 12. Na3
Bf5 13. Nd2 Qd7 14. Re1 Bh3 15. Bh1 h5 16. e4 h4 17. e5 Nh5
18. Ne4 Qf5 19. Qf3 hxg3 20. hxg3 Rac8 21. Qxf5 Bxf5 22. Bf3
Nd7 23. g4 Bxe4 24. Rxe4 f5 25. gxf5 Rxf5 26. Bg4 Rg5 27. Rae1
Rf8 28. Bc1 Rxg4+ 29. Rxg4 Nxe5 30. Rxe5 Bxe5 31. Rxg6+ Kf7
32. Rg5 Rg8 33. Rxg8 Kxg8 34. Nb5 Nf6 35. f3 Ne8 36. Kf2 Nd6
37. Nxd6 Bxd6 38. f4 Kf7 39. Kf3 e6 40. Ke4 Be7 41. dxe6+ Kxe6
42. f5+ Kd6 43. Bf4+ Kc6 44. Be5 b5 45. cxb5+ Kxb5 46. Kd5 c4
47. f6 Bf8 48. f7 Bh6 49. Bc3 Bf8 50. Ke6 Bh6 51. Ke7 a3
52. Kd6 Bf8+ 53. Kd5 Bh6 54. Be5 Bf8 55. Bd6 Bh6 56. Bxa3 c3
57. f8=Q Bxf8 58. Bxf8 c2 59. Ba3 Ka6 60. Bc1 Ka7 61. Kc4 Ka8
62. Kb3 Kb8 63. Kxc2 Ka8 64. Kb3 Ka7 65. Ka4 Ka8 66. Kb5 Kb8
67. Ka6 Ka8 68. Be3 Kb8 1/2-1/2

[Event "IMSA Elite Mind Games (Women's Blitz)"]
[Site "Huai'an CHN"]
[Date "2016.02.29"]
[EventDate "2016.02.28"]
[Round "13.7"]
[Result "1-0"]
[White "Valentina Gunina"]
[Black "Antoaneta Stefanova"]
[WhiteElo "2496"]
[BlackElo "2509"]
[PlyCount "57"]

1. d4 d5 2. c4 c6 3. Nf3 Nf6 4. e3 Bg4 5. Be2 e6 6. O-O Nbd7
7. b3 Bd6 8. h3 Bh5 9. Bb2 Qe7 10. Nbd2 Ba3 11. Bxa3 Qxa3
12. Ne5 Bxe2 13. Qxe2 Nxe5 14. dxe5 Nd7 15. f4 a5 16. Qh5 g6
17. Qg4 h5 18. Qg3 a4 19. cxd5 cxd5 20. e4 Qb2 21. Qd3 axb3
22. Nxb3 dxe4 23. Qxe4 Ra7 24. Rf2 Qa3 25. Rd1 Nb8 26. Rd6 Ke7
27. f5 Nc6 28. fxe6 fxe6 29. Qxg6 1-0